Statistiques concernant Drapeaux de pays avec le plus de couleurs A-Z

Cliquez ici pour prendre le quiz!

Statistiques générales

  • Ce quiz a été pris 3 497 fois
  • Le résultat moyen est 20 sur 24

Statistiques - réponses

Réponse% Correct
Afrique du Sud
98%
Inde/Irak
97%
Croatie
97%
Paraguay/Portugal
96%
Mexique
96%
Qatar
93%
Kenya/Koweït
93%
Uruguay
93%
Venezuela
91%
Yémen
87%
Equateur
87%
Fidji
86%
Jordanie
85%
Lesotho/Libye/Liechtenstein
84%
Ouganda
82%
Zimbabwe
82%
Guatemala
81%
Saint Marin
78%
Turkménistan
76%
Haiti
76%
Namibie
71%
Belize
71%
République dominicaine
69%
Dominique
63%

Distribution des résultats

Percentile par nombre de réponses

% des personnes avec chaque résultat

Votre développement - résultats

Vous n’avez pas pris ce quiz